The scope and limits of financial liberalisation in Developing Countries: a critical survey (Record no. 27308)

000 -LEADER
fixed length control field 00508pab a2200145 454500
008 - FIXED-LENGTH DATA ELEMENTS--GENERAL INFORMATION
fixed length control field 180718b xxu||||| |||| 00| 0 eng d
100 ## - MAIN ENTRY--PERSONAL NAME
Personal name Gibson Heather D.
245 ## - TITLE STATEMENT
Title The scope and limits of financial liberalisation in Developing Countries: a critical survey
362 ## - DATES OF PUBLICATION AND/OR SEQUENTIAL DESIGNATION
Dates of publication and/or sequential designation 30(3), Apr 1994, p.579-628
650 ## - SUBJECT ADDED ENTRY--TOPICAL TERM
Topical term or geographic name entry element Income Distribution -- Developing Countries
650 ## - SUBJECT ADDED ENTRY--TOPICAL TERM
Topical term or geographic name entry element Finance, Public -- Developing Countries
700 ## - ADDED ENTRY--PERSONAL NAME
Personal name Isakalotos Euclid
773 ## - HOST ITEM ENTRY
Main entry heading Journal of Development Studies
909 ## -
-- 27308
Holdings
Withdrawn status Lost status Damaged status Not for loan Permanent Location Current Location Date acquired Barcode Date last seen Price effective from Koha item type
        Indian Institute of Public Administration Indian Institute of Public Administration 2018-07-19 AR27410 2018-07-19 2018-07-19 Articles

Powered by Koha